Lengua y habla : tercer curso /

Guardado en:
Autor Principal: Menghi, Luis Alberto
Formato: Libro
Publicado: Buenos Aires : Huemul, 1974
Edición:11a. ed.
Materias:
Etiquetas: Agregar Etiqueta
Sin Etiquetas, Sea el primero en etiquetar este registro!
LEADER 00594nam a22002175a 4500
001 CEM.cems004300
005 20060216000000.0
008 130507s1974##################000#0#####d
003 CEMS
082 0 4 |a 468 
100 1 |a Menghi, Luis Alberto 
245 1 0 |a Lengua y habla :  |b tercer curso / 
250 |a 11a. ed. 
260 |a Buenos Aires :  |b Huemul,  |c 1974 
300 |a 247 p. 
653 |a Coordinacion 
653 |a Derivadas 
653 |a Español-origen 
653 |a Frase verbal 
653 |a Lengua y literatura 3er. año 
859 |a CEMS  |b BIB. CEMS - 11 de abril  |h 468  |i M525a11/III  |p 11677.83  |t Ej.1